000 00630nam a2200217Ia 4500
003 GCL
008 140319s9999 xx 000 0 ara d
040 _aGCL /
_cGCL
082 0 4 _a322.42
_bا ظ
100 1 _aاكرام بدرالدين
245 1 0 _aظاهرة الارهاب السياسى /
_cاكرام بدرالدين
700 1 _aماجدة غنيمة
700 1 _aمصطفى منجود
260 _a[S.N] :
_bدار الثقافة العربية ،
_c1991
300 _a162 ص
490 _a
650 0 4 _aمصر
650 0 4 _aالارهاب
650 0 4 _aالاسلام والسياسة
942 _2ddc
_cBK
999 _c31985
_d31985